00328nam a2200133Ia 4500008004100000020001800041041000800059082001500067100001800082245003900100260003600139300000900175500001000184220803s9999 xx 000 0 und d a9788177866827 aeng a891.46 TEJ aTej Gyan Pub. aAntarik Shantitun Vishwashantikade aPunebTej Gyan Foundationc2011 a184p aARCHI